| 000 | 00000nam##2200000za#4500 |
| 001 | 9.697236 |
| 003 | CaOODSP |
| 005 | 20210624235406 |
| 007 | cr ||||||||||| |
| 008 | 150407|2005||||xxc|||||o f|0| 0 eng|d |
| 040 | |aCaOODSP|beng |
| 043 | |an-cn--- |
| 086 | 1 |aM114-28/2005E-PDF |
| 110 | 1 |aCanada. |bNatural Resources Canada. |
| 245 | 14|aThe Canadian Geospatial Data Infrastructure - architecture description Version 2.0 / |h[electronic resource]|c[by] GeoConnections Secretariat. |
| 260 | |aOttawa - Ontario : |bNatural Resources Canada |c2005. |
| 300 | |a40p.|bfigs., references, tables |
| 590 | |a13-03-Supp|b2013-02-11 |
| 690 | 07|aGeomatics|2gcpds |
| 775 | 08|tL'Infrastructure canadienne de données [géospatiales] - description de l'architecture, Version 2.0 / |w(CaOODSP)9.641297 |
| 856 | 40|ahttp://publications.gc.ca|qPDF|s665 KB|uhttps://publications.gc.ca/collections/collection_2013/rncan-nrcan/M114-28-2005-eng.pdf |